000 00528nam a2200181Ia 4500
001 18995
005 20260306171711.0
008 260306s9999||||xx |||||||||||||| ||und||
041 _aESP
082 _a658.72
_bG28
100 _aGattorna, John
_eAUT
245 0 _aCadenas de abastecimiento dinámicas:
_b(Living Supply Chains). Como movilizar la empresa alrededor de lo que los clientes quieren
260 _c2009
300 _axiii, 287 páginas :
_c24 cm.
650 _aGEN
654 _aCAN
942 _cLIB
_dJUS
_fJUS
_2ddc
_n
999 _c18995
_d18995